[Event "ODJM B 2024"]
[Site "Willingen GER"]
[Date "2024.05.19"]
[Round "1"]
[White "Lohrmann, Linus"]
[Black "Barsov, Vladislav"]
[Result "0-1"]
[Termination "normal"]
[Board "6"]
[WhiteElo "1621"]
[BlackElo "1893"]
[WhiteClock "00:05:34"]
[BlackClock "01:11:39"]
[PlyCount "106"]
[WhiteFideId "12982857"]
[BlackFideId "34613757"]
[EventCountry "GER"]
[EventRounds "9"]
[EventType "swiss"]
[EventDate "2024.05.18"]

1. e4 {[%clk 01:30:57]} {[%emt 00:00:02]} e6 {[%clk 01:30:56]} {[%emt
00:00:04]} 2. Nf3 {[%clk 01:30:50]} {[%emt 00:00:37]} d5 {[%clk 01:31:21]}
{[%emt 00:00:05]} 3. exd5 {[%clk 01:31:10]} {[%emt 00:00:10]} exd5 {[%clk
01:31:45]} {[%emt 00:00:06]} 4. d4 {[%clk 01:31:21]} {[%emt 00:00:19]} Nc6
{[%clk 01:31:59]} {[%emt 00:00:16]} 5. Bb5 {[%clk 01:28:59]} {[%emt 00:02:51]}
Bd7 {[%clk 01:31:46]} {[%emt 00:00:44]} 6. Nc3 {[%clk 01:28:25]} {[%emt
00:01:04]} Bb4 {[%clk 01:31:22]} {[%emt 00:00:53]} 7. Bd2 {[%clk 01:22:36]}
{[%emt 00:06:20]} Nge7 {[%clk 01:30:55]} {[%emt 00:00:57]} 8. a3 {[%clk
01:19:16]} {[%emt 00:03:50]} Bd6 {[%clk 01:31:05]} {[%emt 00:00:20]} 9. Bg5
{[%clk 01:17:42]} {[%emt 00:02:02]} f6 {[%clk 01:30:47]} {[%emt 00:00:50]} 10.
Bh4 {[%clk 01:16:36]} {[%emt 00:01:35]} Bg4 {[%clk 01:29:49]} {[%emt 00:01:28]}
11. Be2 {[%clk 01:09:58]} {[%emt 00:07:09]} Nf5 {[%clk 01:28:15]} {[%emt
00:02:05]} 12. Nxd5 {[%clk 01:05:31]} {[%emt 00:04:56]} Bxf3 {[%clk 01:28:16]}
{[%emt 00:00:29]} 13. Bxf3 {[%clk 01:05:55]} {[%emt 00:00:05]} Nxh4 {[%clk
01:28:37]} {[%emt 00:00:10]} 14. Qe2+ {[%clk 01:05:10]} {[%emt 00:01:15]} Ne7
{[%clk 01:28:54]} {[%emt 00:00:13]} 15. Be4 {[%clk 00:58:45]} {[%emt 00:06:55]}
Nhg6 {[%clk 01:26:24]} {[%emt 00:03:00]} 16. O-O-O {[%clk 00:58:31]} {[%emt
00:00:44]} O-O {[%clk 01:26:06]} {[%emt 00:00:49]} 17. Ne3 {[%clk 00:54:53]}
{[%emt 00:04:08]} c6 {[%clk 01:25:18]} {[%emt 00:01:17]} 18. Qc4+ {[%clk
00:50:33]} {[%emt 00:04:50]} Kh8 {[%clk 01:25:35]} {[%emt 00:00:13]} 19. Rhe1
{[%clk 00:45:51]} {[%emt 00:05:11]} Qd7 {[%clk 01:24:21]} {[%emt 00:01:44]} 20.
Kb1 {[%clk 00:37:36]} {[%emt 00:08:45]} b5 {[%clk 01:23:24]} {[%emt 00:01:28]}
21. Qc3 {[%clk 00:32:58]} {[%emt 00:05:08]} Rab8 {[%clk 01:23:16]} {[%emt
00:00:38]} 22. b4 {[%clk 00:25:42]} {[%emt 00:07:47]} a5 {[%clk 01:21:54]}
{[%emt 00:01:51]} 23. d5 {[%clk 00:25:24]} {[%emt 00:00:48]} Be5 {[%clk
01:18:52]} {[%emt 00:03:33]} 24. Qb3 {[%clk 00:23:05]} {[%emt 00:02:48]} cxd5
{[%clk 01:18:14]} {[%emt 00:01:08]} 25. Nxd5 {[%clk 00:20:16]} {[%emt
00:03:19]} Nxd5 {[%clk 01:14:47]} {[%emt 00:03:57]} 26. Rxd5 {[%clk 00:18:32]}
{[%emt 00:02:14]} Qc8 {[%clk 01:13:16]} {[%emt 00:02:01]} 27. Rd3 {[%clk
00:18:36]} {[%emt 00:00:25]} Nf4 {[%clk 01:12:57]} {[%emt 00:00:49]} 28. Rg3
{[%clk 00:18:18]} {[%emt 00:00:47]} axb4 {[%clk 01:12:18]} {[%emt 00:01:11]}
29. Qxb4 {[%clk 00:16:36]} {[%emt 00:02:11]} Qc4 {[%clk 01:11:40]} {[%emt
00:01:08]} 30. Qe7 {[%clk 00:13:45]} {[%emt 00:03:22]} Rf7 {[%clk 01:11:22]}
{[%emt 00:00:48]} 31. Qb4 {[%clk 00:11:43]} {[%emt 00:02:32]} Qxb4+ {[%clk
01:11:28]} {[%emt 00:00:24]} 32. axb4 {[%clk 00:12:07]} {[%emt 00:00:05]} Ra7
{[%clk 01:11:48]} {[%emt 00:00:11]} 33. c3 {[%clk 00:12:05]} {[%emt 00:00:32]}
Rc8 {[%clk 01:11:26]} {[%emt 00:00:50]} 34. Kb2 {[%clk 00:12:00]} {[%emt
00:00:36]} Rc4 {[%clk 01:09:38]} {[%emt 00:02:15]} 35. h3 {[%clk 00:08:59]}
{[%emt 00:03:34]} Rxb4+ {[%clk 01:08:03]} {[%emt 00:02:07]} 36. Kc2 {[%clk
00:08:46]} {[%emt 00:00:42]} Ra2+ {[%clk 01:08:25]} {[%emt 00:00:07]} 37. Kd1
{[%clk 00:08:59]} {[%emt 00:00:17]} Ra1+ {[%clk 01:08:32]} {[%emt 00:00:24]}
38. Kd2 {[%clk 00:07:58]} {[%emt 00:01:30]} Rxe1 {[%clk 01:08:53]} {[%emt
00:00:09]} 39. cxb4 {[%clk 00:07:09]} {[%emt 00:01:20]} Rxe4 {[%clk 01:09:07]}
{[%emt 00:00:15]} 40. Kc2 {[%clk 00:05:46]} {[%emt 00:01:53]} Rxb4 {[%clk
01:09:10]} {[%emt 00:00:28]} 41. Ra3 {[%clk 00:04:23]} {[%emt 00:01:53]} h6
{[%clk 01:09:19]} {[%emt 00:00:20]} 42. g3 {[%clk 00:03:48]} {[%emt 00:01:05]}
Rb2+ {[%clk 01:09:30]} {[%emt 00:00:20]} 43. Kd1 {[%clk 00:03:56]} {[%emt
00:00:22]} Nd5 {[%clk 01:09:42]} {[%emt 00:00:18]} 44. f4 {[%clk 00:04:09]}
{[%emt 00:00:17]} Bd4 {[%clk 01:09:27]} {[%emt 00:00:44]} 45. Rd3 {[%clk
00:03:39]} {[%emt 00:01:00]} Ne3+ {[%clk 01:09:22]} {[%emt 00:00:36]} 46. Ke1
{[%clk 00:03:44]} {[%emt 00:00:25]} Bb6 {[%clk 01:08:54]} {[%emt 00:00:58]} 47.
Ra3 {[%clk 00:03:42]} {[%emt 00:00:32]} Nc2+ {[%clk 01:09:19]} {[%emt
00:00:05]} 48. Kd1 {[%clk 00:04:05]} {[%emt 00:00:07]} Nxa3 {[%clk 01:09:43]}
{[%emt 00:00:06]} 49. g4 {[%clk 00:04:24]} {[%emt 00:00:11]} Rc2 {[%clk
01:10:04]} {[%emt 00:00:09]} 50. f5 {[%clk 00:04:34]} {[%emt 00:00:19]} b4
{[%clk 01:10:28]} {[%emt 00:00:06]} 51. h4 {[%clk 00:04:44]} {[%emt 00:00:20]}
b3 {[%clk 01:10:53]} {[%emt 00:00:06]} 52. h5 {[%clk 00:05:08]} {[%emt
00:00:06]} b2 {[%clk 01:11:17]} {[%emt 00:00:06]} 53. g5 {[%clk 00:05:34]}
{[%emt 00:00:04]} b1=R# {[%clk 01:11:39]} {[%emt 00:00:07]} 0-1

[Event "ODJM B 2024"]
[Site "Willingen GER"]
[Date "2024.05.19"]
[Round "1"]
[White "Kuhlmann, Nils Magnus"]
[Black "Neumeier, Konstantin"]
[Result "0-1"]
[Termination "normal"]
[Board "7"]
[WhiteElo "1757"]
[BlackElo "1710"]
[WhiteClock "01:00:18"]
[BlackClock "01:21:03"]
[PlyCount "23"]
[WhiteFideId "16287177"]
[BlackFideId "34608230"]
[EventCountry "GER"]
[EventRounds "9"]
[EventType "swiss"]
[EventDate "2024.05.18"]

1. e4 {[%clk 01:30:41]} {[%emt 00:00:18]} e5 {[%clk 01:30:54]} {[%emt
00:00:06]} 2. Nf3 {[%clk 01:30:53]} {[%emt 00:00:18]} Nc6 {[%clk 01:31:19]}
{[%emt 00:00:06]} 3. Bb5 {[%emt 00:00:32]} a6 {[%clk 01:31:35]} 4. Ba4 {[%clk
01:31:29]} {[%emt 00:00:06]} b5 {[%clk 01:31:58]} {[%emt 00:00:07]} 5. Bb3
{[%clk 01:31:51]} {[%emt 00:00:09]} Na5 {[%clk 01:32:27]} 6. Bxf7+ {[%clk
01:12:04]} {[%emt 00:20:16]} Kxf7 {[%clk 01:29:56]} {[%emt 00:03:00]} 7. Nxe5+
{[%clk 01:12:30]} {[%emt 00:00:05]} Ke7 {[%clk 01:30:13]} {[%emt 00:00:12]} 8.
Qf3 {[%clk 01:11:48]} {[%emt 00:01:13]} Nf6 {[%clk 01:28:19]} {[%emt 00:02:23]}
9. d4 {[%clk 01:07:53]} {[%emt 00:04:26]} d6 {[%clk 01:28:12]} {[%emt
00:00:37]} 10. Qa3 {[%clk 01:00:42]} {[%emt 00:07:40]} c5 {[%clk 01:20:41]}
{[%emt 00:08:02]} 11. Qxa5 {[%clk 00:59:52]} {[%emt 00:01:20]} Qxa5+ {[%clk
01:21:03]} {[%emt 00:00:07]} 12. Nc6+ {[%clk 01:00:18]} {[%emt 00:00:04]} 0-1

[Event "ODJM B 2024"]
[Site "Willingen GER"]
[Date "2024.05.19"]
[Round "1"]
[White "Böttcher, Tim"]
[Black "John, Niklas"]
[Result "0-1"]
[Termination "normal"]
[Board "8"]
[WhiteElo "1699"]
[BlackElo "1797"]
[WhiteClock "00:32:08"]
[BlackClock "00:15:24"]
[PlyCount "46"]
[WhiteFideId "16278550"]
[BlackFideId "16234626"]
[EventCountry "GER"]
[EventRounds "9"]
[EventType "swiss"]
[EventDate "2024.05.18"]

1. b3 {[%clk 01:30:57]} {[%emt 00:00:02]} Nf6 {[%clk 01:28:24]} {[%emt
00:02:37]} 2. Bb2 {[%clk 01:31:00]} {[%emt 00:00:27]} d5 {[%clk 01:27:17]}
{[%emt 00:01:38]} 3. g3 {[%clk 01:29:46]} {[%emt 00:01:43]} g6 {[%clk
01:25:37]} {[%emt 00:02:10]} 4. Bg2 {[%clk 01:29:15]} {[%emt 00:01:01]} Bg7
{[%clk 01:24:52]} {[%emt 00:01:15]} 5. d3 {[%clk 01:28:02]} {[%emt 00:01:43]}
O-O {[%clk 01:22:57]} {[%emt 00:02:25]} 6. Nf3 {[%clk 01:27:07]} {[%emt
00:01:24]} c5 {[%clk 01:18:21]} {[%emt 00:05:07]} 7. c4 {[%clk 01:24:43]}
{[%emt 00:02:54]} e6 {[%clk 01:13:03]} {[%emt 00:05:48]} 8. O-O {[%clk
01:23:37]} {[%emt 00:01:36]} b6 {[%clk 01:07:29]} {[%emt 00:06:04]} 9. Nbd2
{[%clk 01:20:12]} {[%emt 00:03:54]} Bb7 {[%clk 01:06:59]} {[%emt 00:01:00]} 10.
e3 {[%emt 00:09:46]} Nc6 {[%clk 01:03:54]} 11. Ne5 {[%clk 01:07:13]} {[%emt
00:07:49]} Qc7 {[%clk 00:53:24]} {[%emt 00:11:01]} 12. Ng4 {[%clk 00:58:44]}
{[%emt 00:08:58]} Nxg4 {[%clk 00:47:02]} {[%emt 00:06:52]} 13. Bxg7 {[%clk
00:58:43]} {[%emt 00:00:30]} Nxe3 {[%clk 00:42:46]} {[%emt 00:04:46]} 14. fxe3
{[%clk 00:58:44]} {[%emt 00:00:30]} Kxg7 {[%clk 00:42:35]} {[%emt 00:00:41]}
15. cxd5 {[%clk 00:57:32]} {[%emt 00:01:41]} exd5 {[%clk 00:36:36]} {[%emt
00:06:30]} 16. Bxd5 {[%clk 00:55:20]} {[%emt 00:02:42]} Qe5 {[%clk 00:35:44]}
{[%emt 00:01:22]} 17. Be4 {[%clk 00:45:41]} {[%emt 00:10:09]} f5 {[%clk
00:32:00]} {[%emt 00:04:14]} 18. Nf3 {[%clk 00:44:47]} {[%emt 00:01:24]} Qe6
{[%clk 00:30:16]} {[%emt 00:02:13]} 19. Ng5 {[%clk 00:43:45]} {[%emt 00:01:32]}
Qe7 {[%clk 00:29:42]} {[%emt 00:01:05]} 20. Bxc6 {[%clk 00:36:37]} {[%emt
00:07:37]} Qxe3+ {[%clk 00:21:51]} {[%emt 00:08:21]} 21. Rf2 {[%clk 00:36:09]}
{[%emt 00:00:59]} Bxc6 {[%clk 00:21:30]} {[%emt 00:00:52]} 22. Nh3 {[%clk
00:34:04]} {[%emt 00:02:34]} Rad8 {[%clk 00:16:57]} {[%emt 00:05:03]} 23. Nf4
{[%clk 00:32:08]} {[%emt 00:02:25]} g5 {[%clk 00:15:24]} {[%emt 00:02:04]} 0-1

[Event "ODJM B 2024"]
[Site "Willingen GER"]
[Date "2024.05.19"]
[Round "1"]
[White "Alugili, Yosef"]
[Black "Stülcken, Philipp"]
[Result "0-1"]
[Termination "normal"]
[Board "10"]
[WhiteElo "1744"]
[BlackElo "1780"]
[WhiteClock "00:04:24"]
[BlackClock "00:17:15"]
[PlyCount "44"]
[WhiteFideId "34635963"]
[BlackFideId "12986232"]
[EventCountry "GER"]
[EventRounds "9"]
[EventType "swiss"]
[EventDate "2024.05.18"]

1. e4 {[%clk 01:30:59]} e5 {[%clk 01:30:52]} {[%emt 00:00:08]} 2. Nf3 {[%clk
01:31:26]} {[%emt 00:00:04]} Nc6 {[%clk 01:31:14]} {[%emt 00:00:07]} 3. Bc4
{[%clk 01:31:53]} {[%emt 00:00:03]} Nf6 {[%clk 01:31:36]} {[%emt 00:00:08]} 4.
Ng5 {[%clk 01:32:20]} {[%emt 00:00:03]} d5 {[%clk 01:31:54]} {[%emt 00:00:13]}
5. exd5 {[%clk 01:32:46]} {[%emt 00:00:03]} Na5 {[%clk 01:32:16]} {[%emt
00:00:09]} 6. d3 {[%clk 01:33:12]} {[%emt 00:00:03]} Bd6 {[%clk 01:24:04]}
{[%emt 00:08:42]} 7. O-O {[%clk 01:20:47]} {[%emt 00:12:56]} h6 {[%clk
01:22:16]} {[%emt 00:02:18]} 8. Nf3 {[%clk 01:20:50]} {[%emt 00:00:26]} O-O
{[%clk 01:15:41]} {[%emt 00:07:05]} 9. Qe1 {[%clk 01:08:51]} {[%emt 00:12:29]}
Nxc4 {[%clk 00:53:53]} {[%emt 00:22:18]} 10. dxc4 {[%clk 01:09:12]} {[%emt
00:00:09]} Re8 {[%clk 00:50:02]} {[%emt 00:04:21]} 11. Nc3 {[%clk 00:54:23]}
{[%emt 00:15:19]} Bf5 {[%clk 00:44:56]} {[%emt 00:05:36]} 12. Qe2 {[%clk
00:45:15]} {[%emt 00:09:38]} Bg4 {[%clk 00:33:22]} {[%emt 00:12:03]} 13. Ne4
{[%clk 00:32:49]} {[%emt 00:12:57]} Nxe4 {[%clk 00:33:00]} {[%emt 00:00:52]}
14. Qxe4 {[%clk 00:30:37]} {[%emt 00:02:42]} f5 {[%clk 00:33:11]} {[%emt
00:00:19]} 15. Qe3 {[%clk 00:25:39]} {[%emt 00:05:28]} Qf6 {[%clk 00:31:14]}
{[%emt 00:02:27]} 16. Bd2 {[%clk 00:21:46]} {[%emt 00:04:24]} e4 {[%clk
00:26:32]} {[%emt 00:05:11]} 17. Nd4 {[%clk 00:13:28]} {[%emt 00:08:48]} f4
{[%clk 00:26:23]} {[%emt 00:00:39]} 18. Qc3 {[%clk 00:13:28]} {[%emt 00:00:30]}
Be5 {[%clk 00:26:29]} {[%emt 00:00:24]} 19. Be3 {[%clk 00:08:26]} {[%emt
00:05:33]} fxe3 {[%clk 00:25:14]} {[%emt 00:01:44]} 20. fxe3 {[%clk 00:08:53]}
{[%emt 00:00:02]} Qg5 {[%clk 00:20:16]} {[%emt 00:05:28]} 21. Qe1 {[%clk
00:04:51]} {[%emt 00:04:32]} Rf8 {[%clk 00:16:51]} {[%emt 00:03:56]} 22. Rxf8+
{[%clk 00:04:24]} {[%emt 00:00:58]} Rxf8 {[%clk 00:17:15]} {[%emt 00:00:05]}
0-1

[Event "ODJM B 2024"]
[Site "Willingen GER"]
[Date "2024.05.19"]
[Round "1"]
[White "Langer, Paul Georg"]
[Black "Tabales, Lennart"]
[Result "1-0"]
[Termination "normal"]
[Board "11"]
[WhiteElo "1882"]
[BlackElo "1587"]
[WhiteClock "00:04:03"]
[BlackClock "00:02:43"]
[PlyCount "79"]
[WhiteFideId "16230051"]
[BlackFideId "34604057"]
[EventCountry "GER"]
[EventRounds "9"]
[EventType "swiss"]
[EventDate "2024.05.18"]

1. Nf3 {[%clk 01:30:57]} {[%emt 00:00:02]} Nf6 {[%clk 01:30:38]} {[%emt
00:00:23]} 2. e3 {[%clk 01:31:20]} {[%emt 00:00:07]} d5 {[%clk 01:30:22]}
{[%emt 00:00:46]} 3. c4 {[%clk 01:31:31]} {[%emt 00:00:19]} Bf5 {[%clk
01:29:05]} {[%emt 00:01:46]} 4. cxd5 {[%clk 01:31:20]} {[%emt 00:00:41]} Nxd5
{[%clk 01:27:43]} {[%emt 00:01:53]} 5. e4 {[%clk 01:31:41]} {[%emt 00:00:10]}
Be6 {[%clk 01:20:01]} {[%emt 00:08:11]} 6. exd5 {[%clk 01:31:11]} {[%emt
00:00:59]} Bxd5 {[%clk 01:20:29]} {[%emt 00:00:03]} 7. Nc3 {[%clk 01:30:16]}
{[%emt 00:01:26]} Nc6 {[%clk 01:19:22]} {[%emt 00:01:37]} 8. Bb5 {[%clk
01:29:28]} {[%emt 00:01:17]} a6 {[%clk 01:17:35]} {[%emt 00:02:17]} 9. Ba4
{[%clk 01:27:49]} {[%emt 00:02:10]} e6 {[%clk 01:14:17]} {[%emt 00:03:48]} 10.
Nxd5 {[%clk 01:26:35]} {[%emt 00:01:43]} Qxd5 {[%clk 01:14:34]} {[%emt
00:00:14]} 11. O-O {[%clk 01:25:31]} {[%emt 00:01:33]} Bd6 {[%clk 01:12:07]}
{[%emt 00:02:57]} 12. Qb3 {[%clk 01:22:24]} {[%emt 00:03:37]} Qxb3 {[%clk
01:10:53]} {[%emt 00:01:44]} 13. Bxb3 {[%clk 01:21:52]} {[%emt 00:01:02]} O-O
{[%clk 01:09:31]} {[%emt 00:01:52]} 14. d4 {[%clk 01:20:49]} {[%emt 00:01:33]}
Rad8 {[%clk 01:08:47]} {[%emt 00:01:14]} 15. Be3 {[%clk 01:18:39]} {[%emt
00:02:40]} Rd7 {[%clk 01:07:39]} {[%emt 00:01:38]} 16. Ng5 {[%clk 01:14:15]}
{[%emt 00:04:53]} Kh8 {[%clk 01:04:34]} {[%emt 00:03:36]} 17. Rad1 {[%clk
01:10:02]} {[%emt 00:04:43]} Rfd8 {[%clk 00:58:20]} {[%emt 00:06:44]} 18. Ne4
{[%clk 01:05:18]} {[%emt 00:05:13]} b6 {[%clk 00:52:44]} {[%emt 00:06:07]} 19.
Rc1 {[%clk 00:58:07]} {[%emt 00:07:41]} Ne7 {[%clk 00:49:14]} {[%emt 00:04:00]}
20. Bg5 {[%clk 00:47:57]} {[%emt 00:10:40]} Bb4 {[%clk 00:41:38]} {[%emt
00:08:06]} 21. Rc4 {[%clk 00:33:22]} {[%emt 00:15:05]} Ba5 {[%clk 00:36:27]}
{[%emt 00:05:42]} 22. Bxe7 {[%clk 00:30:16]} {[%emt 00:03:35]} Rxe7 {[%clk
00:36:47]} {[%emt 00:00:09]} 23. Rfc1 {[%clk 00:22:26]} {[%emt 00:08:20]} b5
{[%clk 00:27:20]} {[%emt 00:09:58]} 24. Rc6 {[%clk 00:22:31]} {[%emt 00:00:25]}
Bb6 {[%clk 00:27:30]} {[%emt 00:00:20]} 25. Nc5 {[%clk 00:18:45]} {[%emt
00:04:14]} a5 {[%clk 00:24:16]} {[%emt 00:03:46]} 26. Na6 {[%clk 00:16:14]}
{[%emt 00:03:01]} a4 {[%clk 00:22:02]} {[%emt 00:02:43]} 27. Bd1 {[%clk
00:13:38]} {[%emt 00:03:06]} Bxd4 {[%clk 00:18:56]} {[%emt 00:03:36]} 28. b3
{[%clk 00:07:59]} {[%emt 00:06:09]} Ba7 {[%clk 00:11:44]} {[%emt 00:07:43]} 29.
Bf3 {[%clk 00:04:31]} {[%emt 00:03:57]} Rd2 {[%clk 00:07:49]} {[%emt 00:04:26]}
30. Rxc7 {[%clk 00:03:20]} {[%emt 00:01:40]} Bxf2+ {[%clk 00:06:00]} {[%emt
00:02:19]} 31. Kf1 {[%clk 00:03:43]} {[%emt 00:00:07]} Rxc7 {[%clk 00:06:25]}
{[%emt 00:00:06]} 32. Rxc7 {[%clk 00:03:51]} {[%emt 00:00:22]} g6 {[%clk
00:06:27]} {[%emt 00:00:28]} 33. bxa4 {[%clk 00:03:50]} {[%emt 00:00:31]} Rxa2
{[%clk 00:04:50]} {[%emt 00:02:06]} 34. axb5 {[%clk 00:04:02]} {[%emt
00:00:18]} Bb6 {[%clk 00:05:08]} {[%emt 00:00:12]} 35. Rxf7 {[%clk 00:04:00]}
{[%emt 00:00:33]} Rf2+ {[%clk 00:04:39]} {[%emt 00:00:58]} 36. Ke1 {[%clk
00:04:21]} {[%emt 00:00:09]} e5 {[%clk 00:04:31]} {[%emt 00:00:38]} 37. Re7
{[%clk 00:04:13]} {[%emt 00:00:37]} Bd4 {[%clk 00:04:17]} {[%emt 00:00:44]} 38.
Rxe5 {[%clk 00:04:16]} {[%emt 00:00:29]} Rb2 {[%clk 00:02:43]} {[%emt
00:02:03]} 39. Rd5 {[%clk 00:04:04]} {[%emt 00:00:42]} Bc3+ {[%clk 00:02:43]}
{[%emt 00:00:29]} 40. Kf1 {[%clk 00:04:03]} {[%emt 00:00:31]} 1-0

[Event "ODJM B 2024"]
[Site "Willingen GER"]
[Date "2024.05.19"]
[Round "1"]
[White "Liang, Jiaxuan"]
[Black "Uhlmann, Jonas"]
[Result "1-0"]
[Termination "normal"]
[Board "12"]
[WhiteElo "1673"]
[BlackElo "1842"]
[WhiteClock "00:12:56"]
[BlackClock "00:03:17"]
[PlyCount "71"]
[WhiteFideId "34675205"]
[BlackFideId "16258576"]
[EventCountry "GER"]
[EventRounds "9"]
[EventType "swiss"]
[EventDate "2024.05.18"]

1. e4 {[%clk 01:30:57]} {[%emt 00:00:02]} g6 {[%clk 01:30:51]} {[%emt
00:00:10]} 2. d4 {[%clk 01:31:14]} {[%emt 00:00:13]} Bg7 {[%clk 01:31:11]}
{[%emt 00:00:09]} 3. Nc3 {[%clk 01:31:12]} {[%emt 00:00:32]} d6 {[%clk
01:31:25]} {[%emt 00:00:16]} 4. Be3 {[%clk 01:30:27]} {[%emt 00:01:14]} Nf6
{[%clk 01:31:39]} {[%emt 00:00:16]} 5. h3 {[%clk 01:27:12]} {[%emt 00:03:46]}
O-O {[%clk 01:26:46]} {[%emt 00:05:23]} 6. Qd2 {[%clk 01:23:41]} {[%emt
00:04:01]} Nbd7 {[%clk 01:16:43]} {[%emt 00:10:34]} 7. f4 {[%clk 01:17:07]}
{[%emt 00:07:04]} c5 {[%clk 01:07:00]} {[%emt 00:10:12]} 8. Nf3 {[%clk
01:11:55]} {[%emt 00:05:43]} cxd4 {[%clk 01:03:11]} {[%emt 00:04:18]} 9. Bxd4
{[%clk 01:08:43]} {[%emt 00:03:41]} Nc5 {[%clk 01:00:37]} {[%emt 00:03:05]} 10.
Qe3 {[%clk 00:57:04]} {[%emt 00:12:09]} Qa5 {[%clk 00:53:16]} {[%emt 00:07:50]}
11. Bd3 {[%clk 00:46:32]} {[%emt 00:11:03]} Ne6 {[%clk 00:46:07]} {[%emt
00:07:39]} 12. f5 {[%clk 00:42:56]} {[%emt 00:04:05]} Nxd4 {[%clk 00:45:13]}
{[%emt 00:01:25]} 13. Nxd4 {[%clk 00:42:14]} {[%emt 00:01:12]} gxf5 {[%clk
00:41:40]} {[%emt 00:04:02]} 14. Nxf5 {[%clk 00:30:14]} {[%emt 00:12:31]} Bxf5
{[%clk 00:41:50]} {[%emt 00:00:20]} 15. Qg5 {[%clk 00:27:21]} {[%emt 00:03:23]}
Qb4 {[%clk 00:30:34]} {[%emt 00:11:45]} 16. exf5 {[%clk 00:23:10]} {[%emt
00:04:42]} Qxb2 {[%clk 00:30:07]} {[%emt 00:00:57]} 17. Kd2 {[%clk 00:23:06]}
{[%emt 00:00:34]} Qxc3+ {[%clk 00:27:36]} {[%emt 00:03:00]} 18. Kxc3 {[%clk
00:22:56]} {[%emt 00:00:41]} Ne4+ {[%clk 00:27:58]} {[%emt 00:00:08]} 19. Kb3
{[%clk 00:22:33]} {[%emt 00:00:53]} Nxg5 {[%clk 00:28:12]} {[%emt 00:00:16]}
20. Rae1 {[%clk 00:22:50]} {[%emt 00:00:13]} f6 {[%clk 00:27:58]} {[%emt
00:00:44]} 21. Rxe7 {[%clk 00:22:18]} {[%emt 00:01:02]} Nf7 {[%clk 00:28:01]}
{[%emt 00:00:27]} 22. Bc4 {[%clk 00:22:01]} {[%emt 00:00:47]} Bh6 {[%clk
00:25:31]} {[%emt 00:02:59]} 23. Rhe1 {[%clk 00:21:54]} {[%emt 00:00:38]} Bf4
{[%clk 00:23:37]} {[%emt 00:02:23]} 24. R1e4 {[%clk 00:21:23]} {[%emt
00:01:02]} Bh6 {[%clk 00:22:43]} {[%emt 00:01:25]} 25. h4 {[%clk 00:20:55]}
{[%emt 00:00:57]} b5 {[%clk 00:18:08]} {[%emt 00:05:05]} 26. Bd5 {[%clk
00:20:48]} {[%emt 00:00:36]} Rac8 {[%clk 00:17:26]} {[%emt 00:01:12]} 27. c4
{[%clk 00:16:35]} {[%emt 00:04:44]} bxc4+ {[%clk 00:16:40]} {[%emt 00:01:16]}
28. Rxc4 {[%clk 00:16:26]} {[%emt 00:00:38]} Rxc4 {[%clk 00:16:43]} {[%emt
00:00:28]} 29. Kxc4 {[%emt 00:00:14]} Bf4 {[%clk 00:16:53]} {[%emt 00:00:01]}
30. Rxa7 {[%clk 00:16:34]} {[%emt 00:00:57]} Be3 {[%clk 00:10:53]} {[%emt
00:06:30]} 31. Rb7 {[%clk 00:16:02]} {[%emt 00:01:02]} Bd2 {[%clk 00:08:43]}
{[%emt 00:02:40]} 32. a4 {[%clk 00:15:58]} {[%emt 00:00:34]} h5 {[%clk
00:03:46]} {[%emt 00:05:27]} 33. Ra7 {[%clk 00:15:56]} {[%emt 00:00:32]} Be3
{[%clk 00:03:09]} {[%emt 00:01:06]} 34. Rb7 {[%clk 00:15:43]} {[%emt 00:00:43]}
Bd2 {[%clk 00:03:23]} {[%emt 00:00:16]} 35. Rd7 {[%clk 00:13:36]} {[%emt
00:02:35]} Kg7 {[%clk 00:03:17]} {[%emt 00:00:39]} 36. Kb5 {[%clk 00:12:56]}
{[%emt 00:01:10]} 1-0